Industrial enzymes: structure, function and applications

Saved in:
Bibliografiske detaljer
Hovedforfatter: Polaina, Julio
Andre forfattere: MacCabe, Andrews P
Format: Bog
Sprog:engelsk
Udgivet: Springer 2007
Fag:
Tags: Tilføj Tag
Ingen Tags, Vær først til at tagge denne postø!

MARC

LEADER 00000cam a2200000 a 4500
001 UCI9299
003 CL-VaPUC
005 20220830074206.0
008 081106e20070000NE |||||||||||||||||eng|d
999 |c 331861  |d 331859 
020 |a 9781402053764 
040 |c Pontificia Universidad Católica de Valparaíso 
082 0 4 |a 660.634 POL 2007  |2 21 
100 0 |a Polaina, Julio  |9 532944 
245 1 0 |a Industrial enzymes: structure, function and applications 
260 0 3 |b Springer  |c 2007 
300 |a 641 páginas 
583 |a last modification  |c 20120423 12:04:20  |k Rodrigo Vera 
650 0 |a Enzimas  |9 262984 
650 7 |a CARBOHIDRATOS  |2 CL-VaPUC  |9 306793 
650 0 |a Biotecnología   |9 259561 
650 0 |a Bioquímica   |9 259492 
650 0 |a Lípidos   |9 306890 
650 0 |a Ácidos nucleicos  |9 348842 
700 0 |a MacCabe, Andrews P  |9 532945 
942 |c BK  |2 ddc 
945 |d 20081106 00:00:00  |a rbrito 
952 |0 0  |1 0  |2 ddc  |4 0  |6 660_634000000000000_POL_2007  |7 0  |8 A  |9 419035  |a BIBING  |b BIBING  |d 2019-11-22  |i 4495535  |o 660.634 POL 2007  |p 4495535  |r 2025-01-20  |t 2  |w 2019-11-22  |y BK  |k EIB 
952 |0 0  |1 0  |2 ddc  |4 0  |6 660_634000000000000_POL_2007  |7 0  |8 A  |9 419036  |a BIBCUR  |b BIBCUR  |d 2019-11-22  |i 4853814  |o 660.634 POL 2007  |p 4853814  |r 2025-04-22  |t 1  |w 2019-11-22  |y BK  |k BIO